000 00909nas a2200253Ia 4500
001 R138/B5491
003 IT-RoPAU
008 151124c99999999xx |||||||||||| ||und||
040 _aIT-RoPAU
040 _cIT-RoPAU
041 _aITALIANO
100 _aDell'Antonio Annamaria
_gCodice Aut. SPICS: 38431
210 _aFAMIGLIA OGGI
222 _aFamiglia Oggi
245 _aFAMIGLIA OGGI, ANNO 16-N.03 (MARZO 1993)
_bBambino E Il Suo Vissuto (Il)
250 _a1a ed.
260 _aMILANO
_bST PAULS INTERNATIONAL
_c1993
501 _bPaulus - SPICS - Società San Paolo EM (non-commercial uses only)
_cCopyright2015
300 _a4 p. [30-33]
362 _aANNO 016, N.03 (MARZO 1993)
500 _aAffidamento Familiare. Il Bambino Non Deve Essere Privato del Suo Passato e del Legame Creato con i Genitori Biologici.
650 _aCOMUNICAZIONE - FAMIGLIA
_vPUBBLICAZIONE PERIODICA
942 _cCR
999 _c136377
_d136377